| 000 | 01371cam a2200253 4500 | ||
|---|---|---|---|
| 001 | ABS67984 | ||
| 008 | 040726n2004 000 0 eng u | ||
| 035 | _a(Sirsi) u126925 | ||
| 100 | _aRedmond, J. | ||
| 245 | _aIf you go away... | ||
| 260 | _c2004 | ||
| 490 |
_aBuilding _v269(8339) 2 July 2004, 49(1) |
||
| 520 | _aGives advice on any action that can be taken by contractors and subcontractors when they have not received payment for their work. Argues that they should not immediately stop working as this could be regarded as repudiating the contract and they may risk a big claim for delay damages. A subcontractor looking for payment could question whether there is an agreement in the first place; in "Birse Construction Ltd v St. David Limited" ([1999] BLR 194 (TCC) (Abs65086)) the contractor established there was no contract when no payment was made. The Housing Grants, and Construction Act 1996 gives a right to suspend work if payment is not received and this can apply if there is no contract. | ||
| 590 | _aABS | ||
| 590 | _aABS | ||
| 650 | _aNON-PAYMENT | ||
| 650 | _aCONTRACTOR | ||
| 650 | _aSUBCONTRACTORS | ||
| 650 | _aHOUSING GRANTS, CONSTRUCTION AND REGENERATION ACT 1996 | ||
| 650 | _aBIRSE CONSTRUCTION LTD V ST DAVID LTD | ||
| 650 |
_aDISPUTE RESOLUTION _96236 |
||
| 690 | _aBUILDING AND CONSTRUCTION-CONTRACTS | ||
| 942 | _n0 | ||
| 999 |
_c117771 _d117771 |
||